| 000 | 00348nam a2200145Ia 4500 | ||
|---|---|---|---|
| 008 | 150201s1999 xx 000 0 und d | ||
| 082 |
_a611.018 _bC1999K |
||
| 100 | _aKITAMURA | ||
| 245 | _aCOLOUR ATLAS OF HUMAN ORAL HISTOLOGY | ||
| 250 | _a1ST | ||
| 260 |
_bAITBS _aDELHI _c1999 |
||
| 300 | _a1-246 | ||
| 650 | _aORAL HISTOLOGY | ||
| 942 |
_2ddc _cBK |
||
| 999 |
_c2624 _d2624 |
||